Maroc : les cités impériales : Fès, Marrakech, Meknès, Rabat-Salé /

محفوظ في:

المؤلف الرئيسي: Pickens, Samuel (مؤلف)

مؤلفون آخرون: Peuriot, Françoise., Ploquin, Philippe.

التنسيق: كتاب

اللغة: French

منشور في: Courbevoie (Paris) : ACR Edition, c1995.

الموضوعات:

الوسوم: إضافة وسم

لا توجد وسوم, كن أول من يضع وسما على هذه التسجيلة!

رقم الطلب: DT310.3 .P525

LEADER 01022nam a22002897a 4500
003 OSt
005 20260420173127.0
008 260420t1995 fr a b 000 0 fre d
020 |a 2867700752 
020 |a 9782867700750 
040 |c ARCE Library 
043 |a f-mr--- 
050 1 4 |a DT310.3  |b .P525 
100 1 |a Pickens, Samuel,  |e author  |9 37622 
245 1 0 |a Maroc :  |b les cités impériales : Fès, Marrakech, Meknès, Rabat-Salé /   |c texte de Samuel Pickens ; photographies de Françoise Peuriot et Philippe Ploquin. 
246 3 0 |a Cités impériales. 
264 1 |a Courbevoie (Paris) :   |b ACR Edition,   |c c1995. 
300 |a 311 pages :   |b chiefly col. illustrations ;   |c 29 cm. 
504 |a Includes bibliographical references 
650 0 |a Cities and towns   |z Morocco. 
651 0 |a Agadir (Morocco)  |x Pictorial works. 
651 0 |a Agadir (Morocco)  |x Description and travel. 
700 1 |a Peuriot, Françoise.  |9 37560 
700 1 |a Ploquin, Philippe.  |9 37717 
901 |a reviewed 
942 |c BK  |2 lcc 
999 |c 15050  |d 15050